Matemática 2º Medio: guía didáctica del docente
Gardado en:
| Main Authors: | , |
|---|---|
| Outros autores: | , , , , , |
| Formato: | Libro |
| Publicado: |
Santiago, Chile:
Ediciones SM,
2020.
|
| Subjects: | |
| Tags: |
Engadir etiqueta
Sen Etiquetas, Sexa o primeiro en etiquetar este rexistro!
|
MARC
| LEADER | 00000nam a22000007a 4500 | ||
|---|---|---|---|
| 003 | CL-VaPUC | ||
| 005 | 20240705074039.0 | ||
| 008 | 220816t2020 ||||| |||| 00| 0 eng d | ||
| 999 | |c 438322 |d 438320 | ||
| 020 | |a 978-956-403-129-3 (t.1) | ||
| 020 | |a 978-956-403-130-9 (t.2) | ||
| 040 | |c Pontificia Universidad Católica de Valparaíso | ||
| 082 | 0 | 4 | |a 510.712 BAR 2020 |2 21 |
| 100 | |a Barrera Yáñez, Robbie |e autora |9 875544 | ||
| 245 | 1 | 0 | |a Matemática 2º Medio: guía didáctica del docente |
| 260 | |a Santiago, Chile: |b Ediciones SM, |c 2020. | ||
| 300 | |a 2 tomos. | ||
| 583 | |a last modification |c 20180911 11:28:43 |k Cristina María Rojas Aguilar | ||
| 650 | 0 | |a Matemáticas |x Enseñanza |9 875527 | |
| 700 | |a Muñoz Correa, Verónica |e autora |9 599217 | ||
| 700 | 0 | |a Díaz Díaz, Marta |e author |9 599218 | |
| 700 | |a Ortiz Solís, Natalia |e autora |9 875542 | ||
| 700 | |a Diaz V., Eduardo |e autor |9 875556 | ||
| 700 | |a Morales Valderrama, Katherine |e autora |9 875541 | ||
| 700 | |a Friegerio C., Carla |e autora |9 875557 | ||
| 700 | |a Norambuena Morales, Patricio |e autor |9 875536 | ||
| 942 | |c BK |2 ddc | ||
| 952 | |0 0 |1 0 |2 ddc |4 0 |6 510_712000000000000_BAR_2020 |7 0 |8 A |9 586222 |a BIBMAT |b BIBMAT |c E_DIDACT |d 2022-08-16 |e Donación |h t.1 |i 5654177 |o 510.712 BAR 2020 |p 5654177 |r 2025-01-07 |t 1 |w 2022-08-16 |y BK |k MAT | ||
| 952 | |0 0 |1 0 |2 ddc |4 0 |6 510_712000000000000_BAR_2020 |7 0 |8 A |9 586223 |a BIBMAT |b BIBMAT |c E_DIDACT |d 2022-08-16 |e Donación |h t.2 |i 5654178 |o 510.712 BAR 2020 |p 5654178 |r 2025-01-07 |t 1 |w 2022-08-16 |y BK |k MAT | ||